Pío XII (Record no. 61182)

MARC details
000 -LEADER
campo de control de longitud fija 00542nam a2200157 i 4500
001 - NÚMERO DE CONTROL
campo de control 61182
003 - IDENTIFICADOR DE NÚMERO DE CONTROL
campo de control ES-MaACL
005 - FECHA Y HORA DE LA ÚLTIMA TRANSACCIÓN
campo de control 20230906164406.0
007 - CAMPO FIJO DE DESCRIPCIÓN FÍSICA--INFORMACIÓN GENERAL
campo de control de longitud fija t|
008 - DATOS DE LONGITUD FIJA--INFORMACIÓN GENERAL
campo de control de longitud fija 031111s1954 sp ||||1| spa d
100 1# - ENTRADA PRINCIPAL--NOMBRE DE PERSONA
Nombre de persona Estal, Gabriel del.
9 (RLIN) 48001
245 10 - MENCIÓN DEL TÍTULO
Título Pío XII
Resto del título : tutor del derecho : discurso pronunciado... Ayuntamiento de Barcelona el 14 de marzo d 1954 /
Mención de responsabilidad, etc. Gabriel del Estal.
260 ## - PUBLICACIÓN, DISTRIBUCIÓN, ETC.
Lugar de publicación, distribución, etc. El Escorial :
Nombre del editor, distribuidor, etc. [s.n.],
Fecha de publicación, distribución, etc. 1954 (
Fabricante Imp. del Real Monasterio)
300 ## - DESCRIPCIÓN FÍSICA
Extensión 51 p., 1 lám. ;
Dimensiones 22 cm.
852 ## - LOCALIZACIÓN
Ubicación ES-MaACL
Número de control de estantería 1959-F-10
Sublocalización o colección R.35783
Holdings
Estatus retirado Estado de pérdida Estado de daño No para préstamo Colección Biblioteca de origen Biblioteca actual Ubicación en estantería Fecha de adquisición Fuente de adquisición Total de préstamos Signatura topográfica completa Código de barras Visto por última vez Precio de reemplazo Tipo de ítem Koha
        Colección de folletos Biblioteca del Ateneo de Madrid Biblioteca del Ateneo de Madrid Depósito folletos 17/01/2008     1959-F-10 1064158 23/02/2023 23/02/2023 Folleto